Concerto, op. 8 a due violini concertini, 2 violini ripieni, viola, violone e organo /

Main Author: Torelli, Giuseppe, 1658-1709
Other Authors: Jensen, Gustav, 1843-1895
Language: No linguistic content
Published: Mainz : Schott, 1911
Series: Klassische Violin-Musik
Edition Schott
Physical Description: 4, 4, 18 s.
Musical Score Musical Score
Saved in:
LEADER 00993ncm a22002532a 4500
001 000245438
003 CZ BrMZK
005 20120626084812.0
008 960101s1911 gw f zxx d
040 |a BOA001  |b cze 
072 7 |a 787  |x Hudba pro strunné a smyčcové nástroje  |2 Konspekt  |9 9 
100 1 |a Torelli, Giuseppe,  |d 1658-1709  |7 ola2002153302  |4 cmp 
245 1 0 |a Concerto, op. 8  |h [hudebnina] :  |b a due violini concertini, 2 violini ripieni, viola, violone e organo /  |c Giuseppe Torelli ; für 2 Violinen und Klavier arr. von Gustav Jensen 
260 |a Mainz :  |b Schott,  |c 1911 
300 |a 4, 4, 18 s. 
490 1 |a Edition Schott ;  |v 4831 
490 1 |a Klassische Violin-Musik ;  |v Heft 34 
700 1 |a Jensen, Gustav,  |d 1843-1895  |7 mzk2011630365  |4 arr 
830 0 |a Klassische Violin-Musik 
830 0 |a Edition Schott 
910 |a BOA001  |b Mus4-0421.054 
990 |a MU 
991 |b 201206 
996 6 |b 2619892080  |c Mus4-0421.054  |l MZK  |r Sklad / do 1 hodiny  |n 1  |w 000245438  |u 000010  |a 1  |e BOA001  |j MZK50  |s P